Statistics for Five Biggest Immigrant Groups by Country #2

Click here to take the quiz!

General Stats

  • This quiz has been taken 23,617 times
    (19,405 since last reset)
  • The average score is 23 of 36

Answer Stats

To Here From Here % Correct
Canada, Ireland, New Zealand, South Africa, SpainUnited Kingdom
97%
Mexico, Ireland, CanadaUnited States
96%
Canada, New ZealandChina
88%
Canada, New Zealand, QatarIndia
88%
ArgentinaChile
87%
New ZealandAustralia
86%
ItalyGermany
86%
SwedenSyria
77%
ArgentinaPeru
76%
MexicoSpain
76%
Mexico, SpainColombia
75%
ArgentinaParaguay
75%
ArgentinaBolivia
74%
SwedenIran
72%
SwedenIraq
72%
Ireland, SwedenPoland
71%
SwedenFinland
70%
Italy, SpainMorocco
69%
ArgentinaItaly
66%
QatarEgypt
66%
Canada, QatarPhilippines
59%
MexicoGuatemala
58%
South AfricaZimbabwe
57%
South AfricaNamibia
56%
QatarBangladesh
55%
South AfricaMozambique
53%
SpainEcuador
53%
South AfricaLesotho
50%
ItalyUkraine
49%
Italy, SpainRomania
49%
ItalyAlbania
33%
MexicoArgentina
31%
IrelandLithuania
28%
IrelandLatvia
28%
New ZealandSouth Africa
25%
QatarNepal
20%

Score Distribution

Percentile by Number Answered

Percent of People with Each Score

Your Score History

You have not taken this quiz since the last reset